000
00273nam a22001217a 4500
020
_a
0-250-40417-6
082
_a
628.445 CHE'P
100
_a
CHERRY, KENNETH F
_9
74941
245
_a
PLATING WASTE TREATMENT
260
_a
ENGLAND
_b
ANN
_c
1982
300
_a
324P
942
_c
BK
999
_c
580445
_d
580445